Comparative analysis of leverage of discoms in Karnataka / (Record no. 231180)
[ view plain ]
| 000 -LEADER | |
|---|---|
| fixed length control field | 00604nam a22001697a 4500 |
| 003 - CONTROL NUMBER IDENTIFIER | |
| control field | OSt |
| 005 - DATE AND TIME OF LATEST TRANSACTION | |
| control field | 20240614144907.0 |
| 008 - FIXED-LENGTH DATA ELEMENTS--GENERAL INFORMATION | |
| fixed length control field | 240614b ||||| |||| 00| 0 eng d |
| 040 ## - CATALOGING SOURCE | |
| Transcribing agency | AIMIT LIBRARY |
| 100 ## - MAIN ENTRY--PERSONAL NAME | |
| Personal name | Fernandes, Assis Prajwal. |
| Relator term | 2116033 |
| 9 (RLIN) | 170845 |
| 245 ## - TITLE STATEMENT | |
| Title | Comparative analysis of leverage of discoms in Karnataka / |
| Statement of responsibility, etc. | By Assis Prajwal Fernandes ; Guided by Dhananjay K. |
| 260 ## - PUBLICATION, DISTRIBUTION, ETC. | |
| Place of publication, distribution, etc. | Mangalore |
| Date of publication, distribution, etc. | 2023 |
| 650 ## - SUBJECT ADDED ENTRY--TOPICAL TERM | |
| Topical term or geographic name entry element | Research design |
| 9 (RLIN) | 170846 |
| 700 ## - ADDED ENTRY--PERSONAL NAME | |
| Personal name | K, Dhananjay. |
| Relator term | Guide |
| 9 (RLIN) | 170847 |
| 856 ## - ELECTRONIC LOCATION AND ACCESS | |
| Materials specified | Mangalore Electricity Supply Company Limited |
| Link text | www.mescom.karnataka.gov.in |
| 942 ## - ADDED ENTRY ELEMENTS (KOHA) | |
| Source of classification or shelving scheme | Dewey Decimal Classification |
| Koha item type | Project Report |
| Withdrawn status | Lost status | Source of classification or shelving scheme | Damaged status | Not for loan | Collection code | Home library | Current library | Shelving location | Date acquired | Total Checkouts | Barcode | Date last seen | Copy number | Uniform Resource Identifier | Price effective from | Koha item type |
|---|---|---|---|---|---|---|---|---|---|---|---|---|---|---|---|---|
| Dewey Decimal Classification | Not for loan | Project Report MBA | St Aloysius Institute of Management & Information Technology | St Aloysius Institute of Management & Information Technology | Dissertations | 06/14/2024 | PRB02043 | 06/14/2024 | 2116033 | www.mescom.karnataka.gov.in | 06/14/2024 | Project Report |